Govt. of
Madhya Pradesh

NTA UGC NET/JRF/SET Paper-2 Geography (Record no. 66201)

MARC details
000 -LEADER
fixed length control field 00264nam a22001097a 4500
082 ## - DEWEY DECIMAL CLASSIFICATION NUMBER
Classification number 910
100 ## - MAIN ENTRY--AUTHOR NAME
Personal name Sharma,Vivek
245 ## - TITLE STATEMENT
Title NTA UGC NET/JRF/SET Paper-2 Geography
260 ## - PUBLICATION, DISTRIBUTION, ETC. (IMPRINT)
Place of publication Meerut UP
Name of publisher Arihant Publication
Year of publication 2023
650 ## - SUBJECT ADDED ENTRY--TOPICAL TERM
Topical Term Geography
942 ## - ADDED ENTRY ELEMENTS (KOHA)
Koha item type Books
Holdings
Withdrawn status Lost status Damaged status Not for loan Home library Current library Date acquired Cost, normal purchase price Full call number Accession Number Price effective from Koha item type
        MACL MACL 25/10/2023 850.00 910 DPI001453 25/10/2023 Books